Welcome to CU Library Online Public Access Catalogue (OPAC)

THE NEW TASTAMENT; (Record no. 6777)

MARC details
000 -LEADER
fixed length control field 00413nam a22001457a 4500
005 - DATE AND TIME OF LATEST TRANSACTION
control field 20250630095057.0
008 - FIXED-LENGTH DATA ELEMENTS--GENERAL INFORMATION
fixed length control field 250630b |||||||| |||| 00| 0 eng d
020 ## - INTERNATIONAL STANDARD BOOK NUMBER
International Standard Book Number 9780802808820
050 ## - LIBRARY OF CONGRESS CALL NUMBER
Classification number BS2096
Item number .E8 WUE
100 ## - MAIN ENTRY--PERSONAL NAME
Personal name KENNETH S. WUEST
245 ## - TITLE STATEMENT
Title THE NEW TASTAMENT;
Remainder of title AN EXPANDED TRANSLATION
260 ## - PUBLICATION, DISTRIBUTION, ETC.
Place of publication, distribution, etc. MICHIGAN
Name of publisher, distributor, etc. W.B. B. EERDMANS PUBLISHING COMPANY
Date of publication, distribution, etc. c1961
300 ## - PHYSICAL DESCRIPTION
Extent xvii, 624p
942 ## - ADDED ENTRY ELEMENTS (KOHA)
Source of classification or shelving scheme Library of Congress Classification
Koha item type Books
Suppress in OPAC No
999 ## -
-- 6777
-- 6777

No items available.

© 2023-2024 Copyright: Central University Libraries. All Rights Reserved | Created by: Mahone Tech Office